00528nam a22001817a 450000500170000001000130001702000220003003500130005203700160006504000120008108200130009310000160010624500750012226000320019727000510022930000280028065000380030820170124110033.0 aA-704301 c70.00a8171671853 aA-704301 bCen Lib/Ret adplbEN a887bJUG aJug Suraiya aA taste for the jugular :cby Jug SuraiyabDelhi belly strikes again / bRupa & Co.c1994aNew Delhi a7/16 Ansari Road ,DaryaganjbNew Delhie110002 a237p. :c20cm(Hb)bill. aClassical greek humor and satire.